[Event "Sachsen-ch U18 Girls"]
[Site "Sebnitz"]
[Date "2011.04.30"]
[Round "5"]
[White "Guendel, Anna"]
[Black "Veckenstedt, Freya"]
[Result "0-1"]
[WhiteElo "1247"]
[BlackElo "1314"]
[PlyCount "90"]
[EventDate "2011.04.26"]
[EventType "tourn"]
[EventRounds "5"]
[EventCountry "GER"]
[SourceTitle "EXT 2012"]
[Source "ChessBase"]
[SourceDate "2011.11.24"]
[SourceVersion "1"]
[SourceVersionDate "2011.11.24"]
[SourceQuality "1"]

1. e4 e5 2. Nf3 Nc6 3. Nc3 Bc5 4. a3 d6 5. Bc4 Bg4 6. h3 Bh5 7. 0-0 Nd4 8. Be2 Nxe2+ 9. Qxe2 c6 10. d3 Qf6 11. g4 Bg6 12. Bg5 Qe6 13. Kg2 h5 14. Nh4 hxg4 15. hxg4 Ne7 16. Rh1 0-0-0 17. Qf3 d5 18. Rae1 f6 19. Bd2 Bf7 20. Na4 dxe4 21. Rxe4 Qd6 22. Nxc5 Qxc5 23. Bb4 Qxc2 24. Bxe7 Rde8 25. Qf5+ Kc7 26. Bb4 Bd5 27. Kg3 Qxd3+ 28. f3 Bxe4 29. Qxe4 Qxe4 30. fxe4 g5 31. Bc3 gxh4+ 32. Rxh4 Rxh4 33. Kxh4 Rg8 34. b4 b5 35. Bd2 Rd8 36. Be3 a6 37. Kh5 Rd3 38. Bc5 Kd7 39. Kg6 Ke6 40. g5 fxg5 41. Kxg5 Rxa3 42. Bb6 Ra4 43. Bc5 a5 44. bxa5 Rxa5 45. Kg4 b4 0-1

[Event "GER-chT U20"]
[Site "Osnabrueck"]
[Date "2010.12.29"]
[Round "6.6"]
[White "Schiffner, Alexander"]
[Black "Veckenstedt, Freya"]
[Result "1/2-1/2"]
[WhiteElo "1645"]
[BlackElo "1229"]
[PlyCount "46"]
[EventDate "2010.12.27"]
[EventType "team-swiss"]
[EventRounds "7"]
[EventCountry "GER"]
[SourceTitle "CBM 140 Extra"]
[Source "ChessBase"]
[SourceDate "2011.03.01"]
[SourceVersion "1"]
[SourceVersionDate "2011.03.01"]
[SourceQuality "1"]
[WhiteTeam "Magdeburg Aufbau Elbe"]
[BlackTeam "Dresden USV"]
[WhiteTeamCountry "GER"]
[BlackTeamCountry "GER"]

1. e4 e5 2. Nf3 Nc6 3. Bb5 Nf6 4. d3 d6 5. 0-0 Bd7 6. h3 Be7 7. Nc3 0-0 8. Be3 h6 9. d4 exd4 10. Nxd4 Nh7 11. Nxc6 Bxc6 12. Bd3 Bg5 13. f4 Bf6 14. Qg4 Qd7 15. Qg3 Rfe8 16. Qe1 Bxc3 17. Qxc3 Bxe4 18. Bxe4 Rxe4 19. f5 Qe7 20. Bd2 c5 21. f6 Nxf6 22. Bxh6 Qe5 23. Qxe5 Rxe5 1/2-1/2

[Event "GER-chT U20"]
[Site "Osnabrueck"]
[Date "2010.12.29"]
[Round "5.6"]
[White "Veckenstedt, Freya"]
[Black "Weber, Dirk"]
[Result "1/2-1/2"]
[WhiteElo "1229"]
[BlackElo "1354"]
[PlyCount "58"]
[EventDate "2010.12.27"]
[EventType "team-swiss"]
[EventRounds "7"]
[EventCountry "GER"]
[SourceTitle "CBM 140 Extra"]
[Source "ChessBase"]
[SourceDate "2011.03.01"]
[SourceVersion "1"]
[SourceVersionDate "2011.03.01"]
[SourceQuality "1"]
[WhiteTeam "Dresden USV"]
[BlackTeam "Bendorf"]
[WhiteTeamCountry "GER"]
[BlackTeamCountry "GER"]

1. e4 e5 2. Nf3 Nc6 3. Bc4 Bc5 4. c3 Nf6 5. d3 d6 6. 0-0 Be6 7. Bxe6 fxe6 8. Ng5 Qe7 9. Be3 Bb6 10. Nd2 h6 11. Ngf3 0-0-0 12. Bxb6 axb6 13. Qa4 Kb8 14. b4 g5 15. h3 Rdg8 16. Qd1 h5 17. g3 Nd7 18. Kg2 g4 19. hxg4 hxg4 20. Nh2 Qh7 21. Rh1 Qg7 22. a4 Rh6 23. a5 Rgh8 24. Qg1 Qg5 25. Nc4 Qf6 26. axb6 d5 27. bxc7+ Kxc7 28. exd5 exd5 29. Ne3 Qg6 1/2-1/2

[Event "Sachsen-ch U16 Girls"]
[Site "Sebnitz"]
[Date "2009.04.15"]
[Round "4"]
[White "Veckenstedt, Freya"]
[Black "Barwisch, Isabel"]
[Result "1/2-1/2"]
[WhiteElo "1085"]
[BlackElo "970"]
[PlyCount "44"]
[EventDate "2009.04.14"]
[EventType "swiss"]
[EventRounds "7"]
[EventCountry "GER"]
[SourceTitle "EXT 2010"]
[Source "ChessBase"]
[SourceDate "2010.11.25"]
[SourceVersion "1"]
[SourceVersionDate "2010.11.25"]
[SourceQuality "1"]

1. e4 c5 2. Nf3 Nc6 3. d4 b6 4. dxc5 bxc5 5. Bb5 Qa5+ 6. Nc3 Nf6 7. 0-0 Bb7 8. Bxc6 Bxc6 9. Re1 e6 10. Qd3 Qc7 11. Bg5 Ng4 12. h3 Ne5 13. Nxe5 Qxe5 14. Bh4 Rb8 15. Rab1 Qd4 16. Nd5 Bd6 17. Qxd4 cxd4 18. a3 Bxd5 19. exd5 e5 20. Bg3 f6 21. Kf1 0-0 22. a4 Rfc8 1/2-1/2